Normal view
MARC view
Entry Personal Name
001 - CONTROL NUMBER
- control field: 11399
003 - CONTROL NUMBER IDENTIFIER
- control field: BD-RjUL
005 - DATE AND TIME OF LATEST TRANSACTION
- control field: 20240204112115.0
008 - FIXED-LENGTH DATA ELEMENTS
- fixed length control field: 240204|| aca||aabn | a|a d
040 ## - CATALOGING SOURCE
- Original cataloging agency: BD-RjUL
- Transcribing agency: BD-RjUL
100 ## - HEADING--PERSONAL NAME
- Personal name: Sabatini, Rafael,
- Dates associated with a name: 1875-1950
670 ## - SOURCE DATA FOUND
- Source citation: Work cat.: (BD-RjUL)82929: Sabatini, Rafael, 1875-1950., The hounds of God /, [1928?]